Vzdelávacia politika zameraná na efektívnosť a rovnosť v európskom priestore dizertačná práca

Saved in:
Bibliographic Details
Main Author: Polonyová, Simona, 1985-
Corporate Author: Národohospodárska fakulta EU. Katedra sociálneho rozvoja a práce
Other Authors: Dudová, Iveta
Format: Book
Language:Slovak
Published: Bratislava 2012
Subjects:
Tags: Add Tag
No Tags, Be the first to tag this record!

MARC

LEADER 00000nbm a2200000 4500
001 0158616
005 20240502072748.6
041 0 |a slo 
044 |a SK 
245 1 0 |a Vzdelávacia politika zameraná na efektívnosť a rovnosť v európskom priestore  |b dizertačná práca  |c Simona Polonyová ; školiteľ: Iveta Dudová 
264 1 |a Bratislava  |c 2012 
300 |a 117 s. 
610 2 0 |a politika vzdelávania 
610 2 0 |a vzdelávanie 
610 2 0 |a Európa 
100 1 |a Polonyová, Simona, 1985- 
700 1 |a Dudová, Iveta 
710 2 |a Národohospodárska fakulta EU. Katedra sociálneho rozvoja a práce